01243nam a2200181Ia 4500001059900000002005000599008003700649010001100686530002200697650005700719650005600776700004500832700005200877700004200929700005200971942001901023999001901042IA_During the financial analysis project feasibility was demonstrated as indicators in the sensitivity analysis were positive, was obtained an TIR of 26% a VAN of 2, 775,714.29 equivalent to a 20.6% and a relation Benefit Cost 1.25 ; well, project financing was handled in three parts, the first part is the support of SAGARPA Competitiveness and Productivity in the Agri component with an amount of 856,009.14, the second is a credit by FIRA of 1,409,897.41 with a interest rate of 14% per annum and the third part is the contribution of the partners 251,767.40 equivalent to 10% of the total.ESTUDIO DE FACTIBILIDAD TECNICO-ECONOMICO PARA LA220117s xx 000 0 und d a185523 aDisponible en PDF aOpuntia ficus indicaxIndustria y comercio 9159587 aOpuntia ficus indicaxManufacture and trade91595881 aEspejel Zaragoza, José Alfredo9151219 aMartínez Mosqueda, Francisco, asesor 9163662 aOcampo Cabrera, Omar, coaut. 9159589 aSzymanski Duque, Rosa Guadalupe, asesor9163701 cTESIS D53 2014 c185523d185523